Stati federati del Messico - Statistics

Statistiche generali
  • Questo quiz è stato fatto 20 volte
  • Il punteggio medio è 17 su 31
Statistiche sulle risposte
Capitale Stato % Corretto
Chihuahua Chihuahua
93%
Mexicali Bassa California
73%
Colima Colima
73%
Victoria de Durango Durango
73%
Oaxaca de Juárez Oaxaca
73%
Puebla de Zaragoza Puebla
73%
Mérida Yucatán
73%
Culiacán Rosales Sinaloa
67%
La Paz Bassa California del Sud
60%
Tuxtla Gutiérrez Chiapas
60%
Toluca de Lerdo Messico
60%
Monterrey Nuevo León
60%
Zacatecas Zacatecas
60%
Aguascalientes Aguascalientes
53%
San Francisco de Campeche Campeche
53%
Guadalajara Jalisco
53%
Cuernavaca Morelos
53%
Santiago de Querétaro Querétaro
53%
San Luis Potosí San Luis Potosí
53%
Hermosillo Sonora
53%
Villahermosa Tabasco
53%
Xalapa de Enríquez Veracruz
53%
Chetumal Quintana Roo
47%
Guanajuato Guanajuato
40%
Chilpancingo de los Bravo Guerrero
40%
Pachuca de Soto Hidalgo
40%
Tepic Nayarit
40%
Tlaxcala de Xicohténcatl Tlaxcala
40%
Saltillo Coahuila
33%
Morelia Michoacán
33%
Ciudad Victoria Tamaulipas
33%
Nessun quiz corrispondente trovato
Distribuzione punteggi
Percentuale di utenti per punteggio
Percentile per numero di risposta
I tuoi punteggi nel tempo
Non hai fatto questo quiz